Culture Générale - Série 2404 - Statistiques

Statistiques générales
  • Ce quiz a été pris 128 fois
  • Le résultat moyen est 4 sur 10
Statistiques - réponses
Question Réponse % Correct
Piano à bretelles accordéon
81%
Licorne des mers narval
60%
Dépourvu de poils (imberbe ou rasé) - 6 lettres commençant par " g " glabre
51%
C'est un indien ou un voyou apache
39%
Personne qui assiste le dirigeant d'une église locale chrétienne. ... Elle est responsable de certaines activités de l'Église. diacre
38%
Peut être pris à la corde - 6 lettres commençant par " v " virage
35%
Croix de Saint-Antoine tau
22%
Chat sauvage africain, plus petit qu'un lion ou qu'un guépard - voir photo serval
21%
Celui de Montfaucon était célèbre gibet
11%
A l'origine c'est un homme qui se bat à l'épée pour sa gloire, un ferrailleur qui recherche les duels. Par la suite le terme a désigné un tueur à gages spadassin
6%
Aucun quiz correspondant
Distribution des résultats
% des personnes avec chaque résultat
Percentile par nombre de réponses
Votre historique - résultats
Vous n’avez pas pris ce quiz